Modern growth theory / (Record no. 50152)

MARC details
000 -LEADER
fixed length control field 00918nam a22002657a 4500
005 - DATE AND TIME OF LATEST TRANSACTION
control field 20110128095327.0
008 - FIXED-LENGTH DATA ELEMENTS--GENERAL INFORMATION
fixed length control field 110128t xxu||||| |||| 00| 0 eng d
010 ## - LCCN (DPL NO)
LC control number ENG-101965
020 ## - INTERNATIONAL STANDARD BOOK NUMBER
International Standard Book Number 9780198069966
Terms of availability 695.00
020 ## - INTERNATIONAL STANDARD BOOK NUMBER
International Standard Book Number 0198069960
Terms of availability 695.00
035 ## - SYSTEM CONTROL NUMBER
System control number EN-85498
037 ## - SOURCE OF ACQUISITION
Source of stock number/acquisition DBAD/PUB
040 ## - CATALOGING SOURCE
Original cataloging agency dpl
Language of cataloging Eng
082 ## - DEWEY DECIMAL CLASSIFICATION NUMBER
Classification number 338.9
100 ## - MAIN ENTRY--PERSONAL NAME
Personal name Dasgupta, Dipankar
9 (RLIN) 25664
245 ## - TITLE STATEMENT
Title Modern growth theory /
Statement of responsibility, etc by Dipankar Dasgupta
260 ## - PUBLICATION, DISTRIBUTION, ETC. (IMPRINT)
Place of publication, distribution, etc New Delhi
Name of publisher, distributor, etc Oxford University Press
Date of publication, distribution, etc 2010
270 ## - ADDRESS
Address YMCA Library Building, Jai Singh Road
City New Delhi
Postal code 110001
300 ## - PHYSICAL DESCRIPTION
Extent xviii,253p.
Dimensions 23cm (Hb)
500 ## - GENERAL NOTE
General note Includes bibliographical references.and index
650 ## - SUBJECT ADDED ENTRY--TOPICAL TERM
9 (RLIN) 25585
700 ## - ADDED ENTRY--PERSONAL NAME
9 (RLIN) 25586
942 ## - ADDED ENTRY ELEMENTS (KOHA)
Source of classification or shelving scheme Dewey Decimal Classification
Item type English Books
Classification part 338.9
Call number suffix DAS
Holdings
Withdrawn status Lost status Source of classification or shelving scheme Damaged status Not for loan Collection code Home library Current library Date acquired Source of acquisition Cost, normal purchase price Total Checkouts Full call number Barcode Date last seen Copy number Cost, replacement price Koha item type
    Dewey Decimal Classification   Not For Loan Non-fiction D.B.Act.Division D.B.Act.Division 28/01/2011 DBAD/PUB 695.00   338.9 DAS EN-85498 28/01/2011 1 695.00 English Books

© Delhi Public Library
Hit Counter
free hit counter